000 00280nam a2200121Ia 4500
005 20251222144908.0
008 251222s9999||||xx |||||||||||||| ||spa||
082 _a869.569/V23U/T.I
100 _aVallejo, Cesar
245 0 _aTutte le Poesie
264 _bAccademica
942 _cLIB
999 _c22248
_d22248